Fill the World Map by Top Left Quarter of Country Flags - Statistics

General Stats
  • This quiz has been taken 3,407 times
  • The average score is 104 of 196
Answers on the Map
Answers color-coded by a green-red scale on the quiz's map according to % correct below.
 
Answer Stats
Country TL Quarter Flag % Correct
Japan
81%
South Korea
81%
Brazil
80%
Canada
79%
United Kingdom
77%
Saudi Arabia
77%
Spain
77%
Bangladesh
76%
Lebanon
76%
United States
75%
Sweden
75%
Finland
75%
Norway
75%
Greece
75%
Albania
75%
Cyprus
75%
South Africa
75%
Jamaica
75%
Iceland
74%
Macedonia
73%
Cambodia
72%
Denmark
72%
Nepal
72%
Trinidad and Tobago
71%
North Korea
71%
China
71%
Switzerland
71%
Australia
70%
Turkey
70%
Argentina
70%
Brunei
69%
Portugal
69%
Malta
69%
New Zealand
69%
Montenegro
68%
Palau
68%
Kenya
68%
Seychelles
67%
Costa Rica
67%
Kyrgyzstan
67%
Uganda
67%
Mongolia
67%
Kosovo
66%
Israel
66%
Bahamas
65%
Laos
65%
Belize
65%
Slovakia
65%
Afghanistan
65%
Morocco
65%
San Marino
65%
Tunisia
65%
Mexico
65%
India
65%
Barbados
65%
Bosnia and Herzegovina
64%
Serbia
63%
Slovenia
63%
Burundi
63%
Qatar
63%
Georgia
63%
Uruguay
63%
Liberia
62%
Somalia
62%
Vietnam
62%
Turkmenistan
62%
Malawi
62%
Kazakhstan
62%
Croatia
61%
Singapore
61%
Philippines
61%
Venezuela
60%
Estonia
60%
Belarus
60%
Sri Lanka
60%
Fiji
60%
Niger
60%
Uzbekistan
60%
Iran
60%
Eritrea
59%
Guyana
59%
Vanuatu
59%
Bahrain
59%
Belgium
59%
Jordan
59%
Liechtenstein
58%
Botswana
58%
Tonga
58%
Cuba
57%
Moldova
57%
Andorra
57%
Guatemala
57%
Pakistan
57%
Malaysia
57%
Romania
56%
Democratic Republic of the Congo
56%
Mozambique
55%
Honduras
55%
Ethiopia
55%
Dominica
55%
Mauritania
55%
Azerbaijan
55%
Oman
55%
Egypt
55%
Equatorial Guinea
54%
Cote d'Ivoire
54%
Nigeria
54%
Burma
54%
Antigua and Barbuda
54%
Zimbabwe
53%
Comoros
53%
Libya
53%
Maldives
53%
Iraq
53%
Suriname
52%
East Timor
51%
Chad
51%
Saint Lucia
51%
Swaziland
51%
Kuwait
51%
Kiribati
51%
Federated States of Micronesia
50%
Ghana
50%
Ecuador
50%
Syria
50%
Chile
49%
Togo
49%
Saint Vincent and the Grenadines
49%
Latvia
49%
Taiwan
48%
Haiti
48%
Grenada
48%
Djibouti
47%
Czech Republic
47%
Thailand
47%
Tuvalu
47%
Nicaragua
46%
Central African Republic
46%
Cameroon
46%
South Sudan
46%
Austria
46%
United Arab Emirates
46%
Namibia
45%
El Salvador
45%
Algeria
45%
Sudan
45%
France
45%
Senegal
44%
Germany
44%
Samoa
43%
Mali
43%
Papua New Guinea
43%
Dominican Republic
42%
Lithuania
41%
Bolivia
41%
Lesotho
41%
Ireland
40%
São Tomé and Príncipe
40%
Bhutan
40%
Marshall Islands
40%
Panama
39%
Indonesia
39%
Italy
38%
Gambia
37%
Tajikistan
37%
Monaco
36%
Colombia
35%
Solomon Islands
35%
Russia
35%
Peru
35%
Paraguay
34%
Guinea-Bissau
33%
Cape Verde
31%
Bulgaria
31%
Gabon
30%
Tanzania
29%
Vatican City
28%
Poland
28%
Sierra Leone
26%
Republic of the Congo
25%
Ukraine
25%
Guinea
24%
Armenia
24%
Nauru
23%
Zambia
22%
Netherlands
20%
Burkina Faso
18%
Luxembourg
17%
Madagascar
17%
Saint Kitts and Nevis
16%
Hungary
16%
Yemen
15%
Benin
14%
Mauritius
13%
Angola
11%
Rwanda
10%
No matching quizzes found
Score Distribution
Percent of People with Each Score
Percentile by Number Answered
Your Score History
You have not taken this quiz